00218nam a2200085Ia 4500008004100000100002100041245003300062260001700095650002000112190216s9999||||xx |||||||||||||| ||und|| aSharath Chandran 0aKevala Soundaryam Enna Midya bNbs Kottayam aEssay Malayalam